000 00848nam a22002057a 4500
999 _c1056
_d1056
003 AR-CdUCM
008 190226b ||||| |||| 00| 0 spa d
040 _aMUNICIPALIDAD PROVINCIAL DEL CUSCO
_cBIBLIOTECA MUNICIPAL DEL CUSCO
082 _a330.947 /
_bH249
100 _aHansen, Bent
_94134
245 _aPlanificación a corto y largo plazo en los países subdesarrollados /
260 _aMadrid :
_bSaltés ,
_c1976.
300 _a90 páginas ;
_c17 cm.
505 _aPlanificación de una sociedad completamente abierta -- El planeamiento estético -- El planeamiento dinámico -- El tipo de cambio externo -- El problema del comercio internacional...
650 _aPlaneamiento estético.
_94135
650 _aDesarrollo urbanístico.
_94136
650 _aDesarrollo de sociedades.
_94137
942 _2ddc
_cLIBROS
945 _awfj
_d2019-02-26